000 01480nam a22003611ia4500
003 OSt
005 20221016104430.0
008 200217s2019 mnuao a 001 0 eng d
020 _a9781626178175
_cRM67.50
_qhardback
040 _aPPAK
_beng
_cPPAK
_erda
082 0 4 _223
_a597.92891568
090 0 0 _a597.92891568
_bSCH
_dK
100 1 _aSchuetz, Kari,
_eauthor
245 1 0 _aLeatherback Sea Turtle Migration /
_cby Kari Schuetz ; Editor : Paige V. Polinsky
264 1 _aMinneapolis, MN :
_bBellwether Media, Inc.,
_c2019
300 _a 24 pages :
_bcolour photographs ;
_c24 cm
336 _2rdacontent
_atext
337 _2rdamedia
_aunmediated
338 _2rdacarrier
_avolume
490 1 _aANIMAL ON THE MOVE,
_aBLASTOFF! READERS ;
_v3
500 _aIncludes index
505 _tLeatherback sea turtles--
_tA tropical trip--
_tPaddle power--
_tHatch and dash--
_tGlossary--
_tTo learn more--
_tIndex.
520 _a"Simple text and full-color photography introduce beginning readers to leatherback sea turtle migration. Developed by literacy experts for students in kindergarten through third grade"--
521 1 _aAge 5-8
650 1 0 _aLeatherback turtle
_vMigration
_xJuvenile literature
650 2 0 _aAnimal migration
_vJuvenile literature
655 7 _aIllustrated works
655 7 _aJuvenile works
655 7 _aJuvenile literature
700 1 _aPolinsky, Paige V.,
_eeditor.
830 0 _aAnimals on the move,
_aBlastoff! readers ;
_n3
942 _2ddc
_cB
999 _c176440
_d176440